| 000 | 00372nam a22001457a 4500 | ||
|---|---|---|---|
| 005 | 20170726112849.0 | ||
| 008 | 170726b xxu||||| |||| 00| 0 eng d | ||
| 022 | _a04304055 | ||
| 040 | _cPK-LaUMT | ||
| 082 |
_aZIAC 297.05 _bFIK- |
||
| 245 | _aFikro Nazar(Vol-52 , No. 1-2)/ | ||
| 260 |
_aIslamabad: _bIslamic research institute, _c2014 |
||
| 300 | _a105 p. | ||
| 942 | _cBK | ||
| 999 |
_c95713 _d95713 |
||